000 00664nam a2200265Ia 4500
005 20260121172753.0
008 008 260114s9999 xx 000 0 eng d
020 _a9783030809249
037 _aEBOOK
040 _aCRL
040 _beng
040 _cCRL
041 _2eng
041 _aeng
084 _qCRL
100 _aLeonid Bulavin, Nikolai Lebovka
_91092516
245 0 _aSoft Matter Systems for Biomedical Applications
260 _bSpringer
260 _bSpringer
260 _c2022
856 _uhttps://link.springer.com/openurl?genre=book&isbn=978-3-030-80924-9
942 _cEBOOK
999 _c1658256
_d1658256